000 00326nam a22001337a 4500
008 181024b xxu||||| |||| 00| 0 eng d
020 _a9781429231237
041 _aeng
080 _28th
_a540
100 _a12
101 _akim
245 _aSolution Manual for Quantitative Chemical Analysis
_cHarris,D.C
942 _2udc
_cBK
999 _c50796
_d50796